000 00931nam a2200301 a 4500
001 9603
003 CO-ViMGA
008 141112s2004 ck r 000 u spa d
040 _aCO-ViMGA
_bspa
_cCO-ViMGA
082 0 4 _a346.086 B982
100 1 _aBustamante Ferrer ; Jaime, Uribe Osorio Ana Ines,
_911027
245 1 0 _aPrincipios Jurídicos del Seguro
250 _a3
260 _aSantafé de Bogotá :
_bEditorial Temis S.A,
_c1996
300 _a194p.
650 1 4 _aASEGURADOR
_911028
650 1 4 _aCONTRATO DE SEGURO
_911029
650 1 4 _aELEMENTOS ESENCIALES DEL CONTRATO
_911030
650 1 4 _aPAGO PROPORCIONAL
_911031
650 1 4 _aPARTES EN EL CONTRATO DE SEGURO
_911032
650 1 4 _aPOLIZA
_911033
650 1 4 _aPRIMA O PRECIO DEL SEGURO
_911034
650 1 4 _aRIESGO ASEGURABLE
_911035
650 1 4 _aSUBROGACION
_911036
650 1 4 _aTOMADOR
_911037
650 1 4 _aTRANSMISION DEL SEGURO
_911038
942 _2ddc
_cBK
999 _c21082
_d21082